The medical insurance for a new generation: a viable answer for the health needs of mexican children /
El presente artículo pretende analizar diferentes aspectos relacionados con la salud de los niños mexicanos y describir la importancia del Seguro Médico para una Nueva Generación (SMNG) como un elemento importante de las políticas públicas en salud infantil en México. Se analizan las disparidades de...
Uloženo v:
| Hlavní autor: | |
|---|---|
| Další autoři: | , , |
| Médium: | Text |
| Témata: | |
| Tagy: |
Přidat tag
Žádné tagy, Buďte první, kdo vytvoří štítek k tomuto záznamu!
|
MARC
| LEADER | 00000 a a2200000 04500 | ||
|---|---|---|---|
| 001 | 46306 | ||
| 003 | |||
| 040 | |||
| 100 | |a Muñoz-Hernández, Onofre | ||
| 245 | |a The medical insurance for a new generation: |b a viable answer for the health needs of mexican children / |c Onofre Muñoz-Hernández, Salomón Chertorivski-Woldenberg, Gabriela Cortés-Gallo, Ricardo Pérez-Cuevas | ||
| 520 | |a El presente artículo pretende analizar diferentes aspectos relacionados con la salud de los niños mexicanos y describir la importancia del Seguro Médico para una Nueva Generación (SMNG) como un elemento importante de las políticas públicas en salud infantil en México. Se analizan las disparidades de los estados de salud entre los niños con distintas características demográficas; se evalúan las funciones del sistema de salud, en cuestiones como financiamiento, equidad, acceso y calidad y por último se analiza la capacidad del SMNG para disminuir las brechas de desigualdad en la salud de los niños en México. | ||
| 590 | |a RRH/JUNIO2014 | ||
| 650 | |a SISTEMAS DE SALUD | ||
| 650 | |a MORTALIDAD INFANTIL | ||
| 650 | |a DESIGUALDAD SOCIAL | ||
| 650 | |a ACCESO A LA SALUD | ||
| 650 | |a EQUIDAD | ||
| 650 | |a POLITICA DE SALUD | ||
| 650 | |a PROGRAMAS GUBERNAMENTALES | ||
| 650 | |a MEXICO | ||
| 700 | |a Chertorivski-Woldenberg, Salomón | ||
| 700 | |a Cortés-Gallo, Gabriela | ||
| 700 | |a Pérez-Cuevas, Ricardo | ||
| 773 | |g volumen54, suplemento I (2012), páginas s3-s10 | ||
| 999 | |c 23099 |d 23099 | ||
